[Event "Privolzhskogo FO-ch"]
[Site "Kazan"]
[Date "2009.01.29"]
[Round "9"]
[White "Vlasov, Andrey"]
[Black "Mubarakshin, Marsel"]
[Result "1-0"]
[WhiteElo "2277"]
[BlackElo "2021"]
[PlyCount "91"]
[EventDate "2009.01.21"]
[EventType "swiss"]
[EventRounds "9"]
[EventCountry "RUS"]
[SourceTitle "EXT 2010"]
[Source "ChessBase"]
[SourceDate "2010.11.25"]
[SourceVersion "1"]
[SourceVersionDate "2010.11.25"]
[SourceQuality "1"]

1. e4 Nc6 2. Nf3 e6 3. d4 d5 4. e5 Nce7 5. Bd3 g6 6. Nbd2 h5 7. c4 Nh6 8. Ng5 Nef5 9. Ndf3 Bb4+ 10. Bd2 Be7 11. cxd5 exd5 12. 0-0 Nxd4 13. Nxd4 Bxg5 14. e6 f5 15. Re1 Be7 16. Qf3 Ng4 17. Bb5+ Kf8 18. Nxf5 Nf6 19. Nxe7 Qxe7 20. Bc3 Kg7 21. Bxf6+ Qxf6 22. Qxf6+ Kxf6 23. e7 Be6 24. e8Q Rhxe8 25. Bxe8 Rxe8 26. f3 c5 27. Kf2 d4 28. b3 b5 29. Rac1 Rc8 30. Re4 Bf5 31. Re2 c4 32. g4 hxg4 33. fxg4 Bxg4 34. Re4 Bf5 35. Rxd4 cxb3 36. Rxc8 bxa2 37. Rc6+ Ke5 38. Rd1 b4 39. Rc5+ Kf6 40. Ra5 b3 41. Rxa7 Bb1 42. Rd6+ Ke5 43. Rb6 Bc2 44. Ke3 Kd5 45. Kd2 Ke4 46. Kc3 1-0

[Event "Privolzhskogo FO-ch"]
[Site "Kazan"]
[Date "2009.01.22"]
[Round "2"]
[White "Mubarakshin, Marsel"]
[Black "Zainullina, Nataliya"]
[Result "1-0"]
[WhiteElo "2021"]
[BlackElo "2173"]
[PlyCount "103"]
[EventDate "2009.01.21"]
[EventType "swiss"]
[EventRounds "9"]
[EventCountry "RUS"]
[SourceTitle "EXT 2010"]
[Source "ChessBase"]
[SourceDate "2010.11.25"]
[SourceVersion "1"]
[SourceVersionDate "2010.11.25"]
[SourceQuality "1"]

1. d4 Nf6 2. Nf3 e6 3. Bg5 d5 4. e3 Be7 5. Bd3 0-0 6. Nbd2 Nbd7 7. 0-0 c5 8. c3 b6 9. Re1 Bb7 10. Qe2 Re8 11. Ne5 Nxe5 12. dxe5 Nd7 13. Bf4 Rc8 14. Qh5 Nf8 15. Nf3 Qd7 16. Rad1 Red8 17. Ng5 Bxg5 18. Bxg5 Re8 19. h4 Ng6 20. Bf4 Qc6 21. Qg4 Nxf4 22. exf4 Rcd8 23. Re3 Qc7 24. Rg3 g6 25. h5 Re7 26. Qg5 Rdd7 27. Bb5 Bc6 28. Qf6 Re8 29. h6 Kf8 30. Qg7+ Ke7 31. Bxc6 Qxc6 32. Qxh7 Kd8 33. Qg7 Kc7 34. h7 Qa8 35. f5 exf5 36. e6 fxe6 37. Qe5+ Kb7 38. Rxg6 Rxh7 39. Rxe6 Reh8 40. Re7+ Rxe7 41. Qxe7+ Ka6 42. Qe2+ Ka5 43. b4+ cxb4 44. cxb4+ Kxb4 45. Qd2+ Kc5 46. Qd4+ Kd6 47. Qf6+ Kc5 48. Qe7+ Kb5 49. Qd7+ Ka6 50. Qa4+ Kb7 51. Rxd5 Rf8 52. Rd7+ 1-0

[Event "Penza op U14"]
[Site "Penza"]
[Date "2006.11.05"]
[Round "4"]
[White "Mubarakshin, Marsel"]
[Black "Ulanov, Alexandr"]
[Result "1/2-1/2"]
[WhiteElo "2096"]
[BlackElo "2097"]
[PlyCount "136"]
[EventDate "2006.11.01"]
[EventType "swiss"]
[EventRounds "7"]
[EventCountry "RUS"]
[SourceTitle "EXT 2007"]
[Source "ChessBase"]
[SourceDate "2006.11.23"]
[SourceVersion "1"]
[SourceVersionDate "2006.11.23"]
[SourceQuality "1"]

1. d4 d5 2. c4 c6 3. Nf3 Nf6 4. e3 e6 5. Nc3 Nbd7 6. Qc2 Bd6 7. b3 Qe7 8. Be2 0-0 9. 0-0 a6 10. e4 dxe4 11. Nxe4 Nxe4 12. Qxe4 f5 13. Qc2 e5 14. dxe5 Nxe5 15. Bb2 Nxf3+ 16. Bxf3 Re8 17. g3 Be6 18. Rfe1 Qf7 19. Qc3 Bf8 20. Re2 Rad8 21. Rae1 Bd7 22. Rxe8 Rxe8 23. Rxe8 Qxe8 24. Kf1 Qg6 25. Qe5 Qd6 26. Qxd6 Bxd6 27. Ke2 Kf7 28. Bc3 g6 29. Kd3 Ke6 30. Be2 Be8 31. f4 Bf7 32. Bf3 Be8 33. b4 Bf7 34. a4 Be8 35. c5 Bc7 36. Bd1 Bf7 37. Bh8 Ke7 38. Kc3 Bd5 39. Be2 Ke6 40. Kd4 Bb3 41. Bc4+ Bxc4 42. Kxc4 Bb8 43. Bg7 Bc7 44. Bh6 Bd8 45. Bf8 Bf6 46. Bd6 Bb2 47. b5 axb5+ 48. axb5 Bc1 49. bxc6 bxc6 50. Be5 g5 51. Bc7 g4 52. Be5 h5 53. Bd4 h4 54. Bf2 hxg3 55. hxg3 Bd2 56. Kd3 Bb4 57. Kc4 Ba5 58. Kd4 Bd8 59. Kc4 Bf6 60. Bd4 Bd8 61. Bc3 Bc7 62. Kd4 Kd7 63. Kd3 Ke7 64. Kc4 Ke6 65. Kd4 Bd8 66. Kc4 Be7 67. Bd4 Bd8 68. Bc3 Bc7 1/2-1/2